[Event "NCA-chT Final"]
[Site "Managua"]
[Date "2020.10.25"]
[Round "2.2"]
[White "Miranda Jarquin, Eduardo Modesto"]
[Black "Salazar Cabezas, Alberto Javier"]
[Result "0-1"]
[WhiteElo "1679"]
[BlackElo "1989"]
[PlyCount "76"]
[EventDate "2020.10.24"]
[EventType "team-tourn"]
[EventRounds "11"]
[EventCountry "NCA"]
[SourceTitle "EXT 2022"]
[Source "ChessBase"]
[SourceDate "2021.10.06"]
[SourceVersion "1"]
[SourceVersionDate "2021.10.06"]
[SourceQuality "1"]

1. d4 Nf6 2. Bf4 d5 3. e3 c5 4. c3 Nc6 5. Bd3 Qb6 6. Qc1 Bg4 7. h3 Bh5 8. Nd2 e6 9. Ngf3 Rc8 10. Rb1 cxd4 11. exd4 Nb4 12. Be2 Bg6 13. Ra1 Nc2+ 14. Kf1 Nxa1 15. Qxa1 Be7 16. g4 Ne4 17. a4 0-0 18. Ne5 Nxd2+ 19. Bxd2 Qd8 20. f4 Be4 21. Nf3 f6 22. h4 Bd6 23. Rh3 Qc7 24. Qc1 e5 25. f5 a6 26. Kf2 Qa5 27. Bd1 Qc7 28. Bb3 b5 29. Qe1 Kh8 30. h5 bxa4 31. Bxa4 Bxf3 32. Kxf3 h6 33. Bb3 Qb7 34. Ba2 exd4 35. cxd4 Rfe8 36. Qb1 Qb5 37. Qd1 Qd3+ 38. Kg2 Qe2+ 0-1

[Event "NCA-chT Final"]
[Site "Managua"]
[Date "2020.10.25"]
[Round "4.3"]
[White "Salazar Cabezas, Alberto Javier"]
[Black "Bravo, William"]
[Result "1-0"]
[WhiteElo "1989"]
[BlackElo "2163"]
[PlyCount "81"]
[EventDate "2020.10.24"]
[EventType "team-tourn"]
[EventRounds "11"]
[EventCountry "NCA"]
[SourceTitle "EXT 2022"]
[Source "ChessBase"]
[SourceDate "2021.10.06"]
[SourceVersion "1"]
[SourceVersionDate "2021.10.06"]
[SourceQuality "1"]

1. Nf3 Nf6 2. g3 g6 3. b3 Bg7 4. Bb2 0-0 5. d4 d6 6. Bg2 Nc6 7. 0-0 Bd7 8. Nbd2 Re8 9. e4 e5 10. dxe5 dxe5 11. Re1 Bg4 12. h3 Bxf3 13. Nxf3 Qxd1 14. Raxd1 Bf8 15. a3 a6 16. Bf1 b5 17. b4 Bd6 18. c4 bxc4 19. Bxc4 a5 20. Bb5 Na7 21. Bxe8 Rxe8 22. bxa5 Nc6 23. Bc3 Bxa3 24. Rb1 Bd6 25. Kg2 Nd7 26. Nd2 f6 27. Nc4 Be7 28. f3 Nc5 29. Red1 Kf7 30. Rd5 Ra8 31. Rb5 Ne6 32. Rb7 Ncd8 33. Rb1 Nc6 34. Rdb5 Rd8 35. Rd5 Ra8 36. Rdb5 Rd8 37. Ne3 Rd3 38. Nd5 Ncd4 39. Rb7 Bd6 40. a6 Nc6 41. a7 1-0